| 000 | 00379nam a2200133Ia 4500 | ||
|---|---|---|---|
| 008 | 240112s1979(SEPT-DEC) xx 000 0 und d | ||
| 041 | _aeng | ||
| 082 | _a543.705 | ||
| 100 | _aKING J.S. | ||
| 245 | _aCLINICAL CHEMISTRY :JOURNAL OF THE AMERICAN ASS.OF THE CLINICAL CHEMISTS | ||
| 260 |
_bPAUL B.HARPER _c1979(SEPT-DEC) |
||
| 300 |
_a2122,HB _c(9-12) |
||
| 440 | _v25 | ||
| 999 |
_c1140818 _d1140818 |
||